The First Response/ (Record no. 202871)

MARC details
000 -LEADER
fixed length control field 00469 a2200181 4500
005 - DATE AND TIME OF LATEST TRANSACTION
control field 20240515141445.0
010 ## - LCCN (DPL NO)
LC control number B-759047
020 ## - INTERNATIONAL STANDARD BOOK NUMBER
Terms of availability 0.00
035 ## - SYSTEM CONTROL NUMBER
System control number B-759047
037 ## - SOURCE OF ACQUISITION
Source of stock number/acquisition Gift/Unesco
082 ## - DEWEY DECIMAL CLASSIFICATION NUMBER
Classification number 363.3480954
245 ## - TITLE STATEMENT
Title The First Response/
260 ## - PUBLICATION, DISTRIBUTION, ETC. (IMPRINT)
Place of publication, distribution, etc New Delhi
Name of publisher, distributor, etc Unicef
270 ## - ADDRESS
City New Delhi
300 ## - PHYSICAL DESCRIPTION
Extent vi, 270 p.
Dimensions 21cm (Hb)
942 ## - ADDED ENTRY ELEMENTS (KOHA)
Institution code [OBSOLETE] dpl
Item type English Books
Source of classification or shelving scheme Dewey Decimal Classification
Classification part 363.3480954
Call number suffix THE
Holdings
Withdrawn status Lost status Not for loan Collection code Home library Current library Date acquired Source of acquisition Cost, normal purchase price Full call number Barcode Copy number Cost, replacement price Koha item type Public note
      Non-fiction Mobile Library Mobile Library 15/05/2024 Gift/10.5.24 0.00 363.3480954 THE B-759047 1 0.00 English Books Gift

© Delhi Public Library
Hit Counter
free hit counter